书目信息 |
| 题名: |
双层金属铸造
|
|
| 作者: | 林松波 编著 | |
| 分册: | ||
| 出版信息: | 北京 机械工业出版社 1974 |
|
| 页数: | 62页 | |
| 开本: | 20cm | |
| 丛书名: | 机械工人学习材料 | |
| 单 册: | ||
| 中图分类: | TG24 | |
| 科图分类: | ||
| 主题词: | 铸造--工艺 | |
| 电子资源: | ||
| ISBN: | ||
| 000 | 00673nam0 2200253 450 | |
| 001 | 0539679565 | |
| 005 | 20060427084936.31 | |
| 010 | @dCNY0.16 | |
| 091 | @a15033.3160 | |
| 100 | @a20051221d1974 km y0chiy0120 ea | |
| 101 | 0 | @achi |
| 102 | @aCN@b110000 | |
| 102 | @aCN@b110000 | |
| 200 | 1 | @a双层金属铸造@Ashuang ceng jin shu zhu zao@f林松波编著@Flin song bo bian zhu |
| 205 | @a重排版 | |
| 210 | @a北京@c机械工业出版社@d1974 | |
| 215 | 1 | @a62页@d20cm |
| 225 | 2 | @a机械工人学习材料 |
| 410 | 0 | @12001 @a机械工人学习材料 |
| 606 | 0 | @a铸造@x工艺 |
| 690 | @aTG24@v4 | |
| 701 | 0 | @a林松波@Alin song bo@4编著 |
| 801 | 0 | @aCN@bPFT@c20060427 |
| 905 | @a10447@dTG24@e4 | |
| 双层金属铸造/林松波编著.-重排版.-北京:机械工业出版社,1974 |
| 62页;20cm.-(机械工人学习材料) |
| ISBN :CNY0.16 |
| ● |
| 相关链接 |
|
|
|
|
正题名:双层金属铸造
索取号:TG24/4
 
预约/预借
| 序号 | 登录号 | 条形码 | 馆藏地/架位号 | 状态 | 备注 |
| 1 | 0017650 | 202166930 | 密集书库/ [索取号:TG24/4] | 在馆 | |
| 2 | 0017654 | 202178963 | 密集书库/ [索取号:TG24/4] | 在馆 |